000 00417nam a2200181Ia 4500
001 3592
005 20260306145654.0
008 260306t1992||||xx |||||||||||||| ||spa||
041 _aESP
082 _a293
_bF314
100 _aFaivre, Antoine
_eAUT
245 0 _aModern esoteric spirituality
260 _c1992
300 _a413 páginas :
_c23 cm.
650 _aGEN
654 _aCHU
942 _cLIB
_dJUS
_fJUS
_2ddc
_n
999 _c3592
_d3592